000 01288nam1a22003731i 4500
001 rc\3537644
005 20260408011026.0
021 _aRU
_b74-67210
021 _aRU
_b74-67209
021 _aRU
_b74-67208
021 _aRU
_b74-67214
021 _aRU
_b74-67213
021 _aRU
_b74-67211
021 _aRU
_b74-67204
021 _aRU
_bРг10115-74
021 _aRU
_b74-67212
021 _aRU
_b74-67206
021 _aRU
_b74-67207
021 _aRU
_b74-67205
035 _a(NLR Aleph) 007632096
090 _a6034305
_c6034305
100 _a20130115f |||y0rusy50 ca
101 0 _arus
102 _aRU
105 _ay z |||||
200 1 _aПрепринты докладов
_e№ 1-
_fВсесоюзная конф. по механизму гетерогенно-каталитических реакций. Москва, 9-13 окт. 1974 г.
210 _a[Москва
_cБ. и.
_d74]-
215 _d20
320 _aБиблиогр. в конце докл.
710 1 2 _aВсесоюзная конференция по механизму гетерогенно-каталитических реакций
_eМосква
_f1974
_9841037
_3RU\NLR\AUTH\8810172614
801 0 _aRU
_bNLR
_gpsbo
801 1 _aRU
_bELAR
_2rusmarc
852 _aNLR
_j74-4/14796
942 _cBOOK